2000s Movies - Sudden Death - Statistics

General Stats
  • This quiz has been taken 23,255 times
    20,309 since last reset
  • The average score is 14 of 28
Answers on the Grid
Answers color-coded by a green-red scale on the quiz's grid according to % correct below.
27 Dresses
300
A.I. Artificial Intelligence
Amélie
Anchorman
Anger Management
Armageddon
Australia
Avatar
Batman Begins
Bee Movie
Big Fish
Braveheart
Children of Men
Edward Scissorhands
Finding Nemo
Gravity
High School Musical
Home Alone
Howl's Moving Castle
Ice Age
Interstellar
Iron Man
Jurassic Park
Kill Bill: Volume 1
La La Land
Let the Right One In
Mean Girls
Oppenheimer
Ratatouille
Schindler's List
Shrek
The Big Short
The Bourne Ultimatum
The Northman
The Revenant
There Will Be Blood
Titanic
Toy Story
Up
Wedding Crashers
Whiplash
X-Men
Zoolander
 
Answer Stats
Answer % Correct
2009 Avatar
74%
2003 Finding Nemo
73%
2002 Ice Age
71%
2001 Shrek
66%
2006 High School Musical
65%
2008 Iron Man
65%
2008 Ratatouille
65%
2007 Bee Movie
64%
2006 300
58%
2005 Batman Begins
58%
2004 Mean Girls
58%
2009 Up
57%
2008 27 Dresses
51%
2000 X-Men
50%
2004 Anchorman
49%
2001 Zoolander
48%
2003 Kill Bill: Volume 1
46%
2001 Amélie
44%
2005 Wedding Crashers
43%
2007 The Bourne Ultimatum
39%
2003 Anger Management
37%
2001 A.I. Artificial Intelligence
36%
2004 Howl's Moving Castle
35%
2003 Big Fish
34%
2007 There Will Be Blood
34%
2006 Children of Men
32%
2008 Australia
30%
2008 Let the Right One In
24%
No matching quizzes found
Score Distribution
Percent of People with Each Score
Percentile by Number Answered
Your Score History
You have not taken this quiz since the last reset